000 00846cam a2200241 a 4500
001 000014837
005 20200929163916.0
008 030331s1999 ve 000 0 spa d
040 _aDO-SdBNP
_cMiU
_dDLC
_dInU
_dBNPHU
082 _aV861.44
_bV872n
245 0 0 _aVoces nuevas :
_bpoesía, narrativa, dramaturgia.
_f1990-1991
260 _aAltamira, Venezuela :
_bFundación Centro de Estudios Latinoamericanos Rómulo Gallegos.
300 _a228, [5] p. ;
_c21 cm.
310 _aAnnual
362 0 _a1990/91-
500 _aLatest issue consulted: 2001/2002.
650 4 _aPoesía venezolana
_94230
650 4 _aLiteratura venezolana
_93816
710 2 _aCentro de Estudios Latinoamericanos Rómulo Gallegos.
_933618
780 0 0 _tVoces nuevas, taller
_w(DLC) 96655611
_w(OCoLC)34614050
910 _aCatalogación derivada
049 _aBNGR
999 _c14417
_d14417